000
00344nam a2200145Ia 4500
008
150201s1977 xx 000 0 und d
082
_a
617.69
_b
E1977G
100
_a
GHAI,O.P
245
_a
ESSENTIALS OF PEDIATRICS
250
_a
1ST
260
_b
SAGAR PUBLICATION
_a
DELHI
_c
1977
300
_a
1-391
650
_a
PEDODONTICS
942
_2
ddc
_c
BK
999
_c
3282
_d
3282